Score 0/32 Timer 04:00
1 Play Today
Hint 4-Letter Word % Correct
Season that precedes winterFALL
98.3%
▼ Past tense of 'go' ▼▼ WENT ▼
95.8%
To desireWANT
95%
▼ Bucket ▼▼ PAIL ▼
92.1%
▼ Opposite of up ▼▼ DOWN ▼
91.8%
To stay put in anticipation of somethingWAIT
91.1%
CorridorHALL
90.7%
The stopper for a wine bottleCORK
90.7%
The sound of a bansheeWAIL
90%
Go out in the wild with a tentCAMP
89.8%
The first appearance of light in the skyDAWN
89.6%
Central part of various fruitCORE
89.3%
▼ Arrived ▼▼ CAME ▼
88.3%
Male bird, especially a roosterCOCK
87.9%
A cover for a coffin, bier, or tombPALL
87.6%
Give a hootCARE
87.4%
Hint 4-Letter Word % Correct
The result of a whippingWELT
86%
▼ Device needed for tire changing ▼▼ JACK ▼
84.9%
▼ To cut down (a tree) ▼▼ FELL ▼
84.7%
'The First Wives Club' actress GoldieHAWN
84.4%
Enthusiastic athlete with few other interestsJOCK
83.9%
Alternative for steps into a buildingRAMP
83.1%
Bird that plays B-Ball in AtlantaHAWK
80.8%
▼ Knoll ▼▼ HILL ▼
79.9%
Wither, droopWILT
79.6%
A rough cut, blow, or strokeHACK
77.8%
To suddenly reject or abandon (a lover)JILT
68.6%
▼ Singer Scott with hit 'Hate on Me' ▼▼ JILL ▼
68.1%
Sound and healthyHALE
62.4%
A coarse fileRASP
53.4%
An abnormal breathing soundRALE
47.1%
To destroy or tear down (UK spelling)RASE
46.7%

Today's Daily Dose

Remove Ads.
Support Sporcle.
Get the best of Sporcle when you Go Orange. This ad-free experience offers more features, more stats, and more fun while also helping to support Sporcle. Thank you for becoming a member.

You're not logged in!

Compare scores with friends on all Sporcle quizzes.
OR
Log In

Show Comments

Extras

Top Quizzes Today


Score Distribution

Your Account Isn't Verified!

In order to create a playlist on Sporcle, you need to verify the email address you used during registration. Go to your Sporcle Settings to finish the process.

Report this User

Report this user for behavior that violates our Community Guidelines.

Details: